000 00664nam a22001817a 4500
999 _c10682
_d10682
008 180915b ||||| |||| 00| 0 eng d
020 _a978-93-86372-78-9
082 _22018
_aDC 371.904
_bSi64
100 _931171
_aSingh, Surander
245 _aAdapted physical education and sports /
_cSurander Singh
260 _aNew Delhi (India) :
_bRandom Publications,
_c©2018.
300 _avvi,262 pages :
_billustrations ;
_c23 cm.
500 _aIncludes bibliographical references and index.
650 0 _931172
_aPhysical education for people with disabilities
650 0 _931173
_aSports for people with disabilities
365 _aPhp
_b4,500.00
942 _2ddc
_cDC